| 000 | 02399cam a2200397 i 4500 | ||
|---|---|---|---|
| 001 | 20590751 | ||
| 003 | JO-AjAnu | ||
| 005 | 20240805105330.0 | ||
| 008 | 180719s2019 paua b 001 0 eng | ||
| 010 | _a 2018034659 | ||
| 020 | _a9781496377357 (hardback) | ||
| 035 | _a(DNLM)101730677 | ||
| 040 |
_aDNLM/DLC _cDLC _erda _dDLC _dJO-AjAnu |
||
| 042 | _apcc | ||
| 050 | 0 | 0 |
_aTX361.A8 _bM38 2019 |
| 060 | 1 | 0 | _aQT 263 |
| 082 | 0 | 0 |
_a613.202/4796 _223 |
| 100 | 1 |
_aMcArdle, William D., _eauthor. |
|
| 245 | 1 | 0 |
_aSports and exercise nutrition / _cWillam D. McArdle, (Professor Emeritus Department of Family, Nutrition, and Excercise Science Queens College of the City University of New York, Flushing, New York); Frank I. Katch, (Former Professor, Chair, and Graduate Program Director of the Exercise Science Department University of Massachusetts, Amherst, Massachusetts, Instructor and Board Member Certificate Program in Fitness Instruction University of California at Los Angeles (UCLA) Extension, Los Angeles, California); Victor L. Katch, (Professor Emeritus Department of Movement Science School of Kinesiology, Division of Pediatric Cardiology, C.S. Mott Children's Hospital University of Michigan, Ann Arbor, Michigan. |
| 250 | _aFifth edition. | ||
| 264 | 1 |
_aPhiladelphia : _bWolters Kluwer, _c[2019] |
|
| 300 |
_axxv, 657 pages : _bcolor illustrations ; _c29 cm |
||
| 336 |
_atext _2rdacontent |
||
| 337 |
_aunmediated _2rdamedia |
||
| 338 |
_avolume _2rdacarrier |
||
| 504 | _aIncludes bibliographical references and index. | ||
| 520 | _a"The goal of the text is to illustrate the "integration of nutrition and exercise and its impact on optimal exercise performance and training responsiveness." This is the most in depth and detailed sports nutrition book on the market authored by the well-known team of McArdle, Katch and Katch. The challenge of this course is presenting nutrition content/material at the level that is appropriate for those studying exercise science and not nutrition"--Provided by publisher. | ||
| 650 | 1 | 2 | _aSports Nutritional Physiological Phenomena |
| 650 | 2 | 2 |
_aEnergy Metabolism _xphysiology |
| 650 | 2 | 2 |
_aExercise _xphysiology |
| 700 | 1 |
_aKatch, Frank I., _eauthor. |
|
| 700 | 1 |
_aKatch, Victor L., _eauthor. |
|
| 906 |
_a7 _bcbc _corignew _d1 _eecip _f20 _gy-gencatlg |
||
| 942 |
_2lcc _cBK _n0 |
||
| 999 |
_c33611 _d33611 |
||